Sports Quiz

Random Sports or NBA Quiz

NBA: 1,000 Games, 75% Starts Quiz Stats

 Plays Quiz Updated Jun 13, 2021

Support Sporcle.
Go Orange.
Score 0/59 Timer 10:00
1 Play Today
%: Player: % Correct
99.92%LeBron James
99.5%
99.78%Tim Duncan
95.5%
99.17%Shaquille O'Neal
93.1%
96.92%Michael Jordan
92.2%
95.93%Dirk Nowitzki
91.1%
97.47%Kevin Garnett
89.5%
93.79%Carmelo Anthony
88.8%
99.66%Karl Malone
88.6%
91.79%Tony Parker
87.5%
95.72%LaMarcus Aldridge
80.7%
89.00%Kobe Bryant
80.3%
97.05%Jason Kidd
79.9%
95.68%Paul Pierce
75.9%
93.80%Pau Gasol
75.7%
88.92%Dwight Howard
74.8%
93.88%Reggie Miller
72.2%
95.91%LaMarcus Aldridge
71.3%
86.52%Steve Nash
69.3%
85.50%Joe Johnson
68.9%
86.44%John Stockton
68.7%
95.80%Hakeem Olajuwon
66.8%
89.39%Scottie Pippen
66.8%
86.24%Dwyane Wade
66.2%
88.38%Ray Allen
65.7%
94.84%Patrick Ewing
59.9%
94.32%Charles Barkley
57.7%
92.36%Gary Payton
55%
83.82%Ben Wallace
53.4%
86.20%Rasheed Wallace
53.2%
87.48%Clyde Drexler
52.5%
%: Player: % Correct
92.73%Joe Dumars
49.9%
89.84%Chauncey Billups
47.5%
77.24%Marvin Williams
44.4%
92.64%Dominique Wilkins
41.7%
87.22%Buck Williams
41.1%
94.74%Grant Hill
38.7%
78.88%Dale Davis
32.6%
89.01%Horace Grant
32.1%
84.26%Mark Jackson
31.6%
91.32%Shawn Marion
30.9%
82.41%Robert Parish
30.2%
82.04%Elton Brand
30.1%
79.03%Zach Randolph
28.6%
94.91%Mike Bibby
27.9%
77.11%Rudy Gay
27.4%
80.27%Rashard Lewis
26.7%
83.36%Dikembe Mutombo
26.2%
86.33%Vlade Divac
24.6%
87.60%Glen Rice
23.3%
88.69%Tayshaun Prince
22.8%
95.84%Ron Harper
21.9%
79.78%Antawn Jamison
21.5%
76.38%Tyson Chandler
20.9%
80.61%Bill Laimbeer
20%
90.41%Charles Oakley
20%
84.49%Jeff Hornacek
18.3%
79.33%Michael Finley
15.8%
90.91%P.J. Brown
13.6%
78.68%Otis Thorpe
6.4%

You're not logged in!

Compare scores with friends on all Sporcle quizzes.
OR
Log In

From the Vault

J.J. Abrams Movies

by oldkent

This guy seems to know a thing a or two about making movies.
Remove Ads.
Support Sporcle.
Get the best of Sporcle when you Go Orange. This ad-free experience offers more features, more stats, and more fun while also helping to support Sporcle. Thank you for becoming a member.

Show Comments

Extras

Top Quizzes Today


Score Distribution

Your Account Isn't Verified!

In order to create a playlist on Sporcle, you need to verify the email address you used during registration. Go to your Sporcle Settings to finish the process.

Report this User

Report this user for behavior that violates our Community Guidelines.

Details: